000 00653nam a22002177a 4500
999 _c6248
_d6248
003 AR-CdUCM
008 190314b ||||| |||| 00| 0 spa d
040 _aMUNICIPALIDAD PROVINCIAL DEL CUSCO
_cBIBLIOTECA MUNICIPAL DEL CUSCO
082 _a868.6 /
_bB36
100 _aBellido Parra, Carmen
_917984
245 _aPasos sobre la arena
260 _aCórdoba :
_bLa solapa,
300 _a40 páginas
_bIlustraciones.
_c20 cm.
440 _aOpúsculos Solaperos
_917985
505 _aContenido : Poesía
650 _aPoesía
_9444
650 _aLiteratura
_9416
650 _aPoesía latinoamericana
_92147
942 _2ddc
_cLIBROS
945 _admma